Páramos andinos (Registro nro. 7139)

Detalles MARC
000 -CABECERA
Campo de control 00566nam a2200181 a 4500
005 - FECHA Y HORA DE LA ULTIMA TRANSACCION
Campo de control 20180803165428.0
008 - ELEMENTOS DE LONGITUD FIJA—INFORMACION GENERAL
Campo de control 160122b xxu||||gr|||| 00| 0 spa d
040 ## - FUENTE DE CATALOGACIÓN
Agencia catalogadora original CO-BoIAVH
Agencia transcriptora CO-BoIAVH
041 ## - IDIOMA
Código de idioma para texto/pista de sonido o título separado Español
082 #4 - NUMERO DE CLASIFICACION DECIMAL DEWEY
Número de clasificación 577.538
Número del ítem H71l
100 1# - ASIENTO PRINCIPAL--NOMBRE PERSONAL
Nombre personal Hofstede, Robert
245 1# - MENCION DE TITULO
Título Páramos andinos
Parte restante del título su diversidad, sus habitantes, sus problemas y sus perspectivas
260 ## - PUBLICACION, DISTRIBUCION, ETC. (PIE DE IMPRENTA)
Lugar de publicación, distribución, etc. Quito
Nombre del editor, distribuidor, etc. Proyecto Páramo
Fecha de publicación, distribución, etc. 200?
300 ## - DESCRIPCION FISICA
Extensión 24 paginas.
Otros detalles físicos ilustraciones.;
Dimensiones 22 x 28 cm.
650 #6 - ASIENTO SECUNDARIO DE MATERIA - TERMINO TEMATICO
Término temático o nombre geográfico como elemento de entrada Páramos
650 #4 - ASIENTO SECUNDARIO DE MATERIA - TERMINO TEMATICO
Término temático o nombre geográfico como elemento de entrada Ecosistemas andinos
942 ## - ELEMENTOS ADICIONALES (KOHA)
Tipo de ítem Libro
Sistema de clasificación Dewey Decimal Classification
Existencias
Withdrawn status Lost status Sistema de Clasificación Damaged status No para préstamo Colección Inventariado Ubicación Permanente Ubicación actual Fecha de adquisición Fuente de Valor Valor Total Checkouts Número topográfico Inventario / Código de Barras Date last seen Ejemplar Price effective from Forma de adquisición Tipo de material
    Dewey Decimal Classification     General Inventariado 2017 Bogotá Bogotá 14/10/2009 Instituto 39000.00   LB-577.538 H71l 027531 28/06/2013 Ej.1 04/12/2012   Libro